BSOP header

Bar-Ilan studies in Assyriology : (Record no. 45879)

MARC details
000 -LEADER
fixed length control field 00999nam a2200313 a 4500
001 - CONTROL NUMBER
control field 2020016
005 - DATE AND TIME OF LATEST TRANSACTION
control field 20190318113013.0
008 - FIXED-LENGTH DATA ELEMENTS--GENERAL INFORMATION
fixed length control field 930921s1990 is af b 001 0 eng d
010 ## - LIBRARY OF CONGRESS CONTROL NUMBER
LC control number 91131319
020 ## - INTERNATIONAL STANDARD BOOK NUMBER
International Standard Book Number 9652261009
035 ## - SYSTEM CONTROL NUMBER
System control number (OCoLC)22572862
035 ## - SYSTEM CONTROL NUMBER
System control number (hol)ajw8231-6/wid/1
040 ## - CATALOGING SOURCE
Original cataloging agency MH
Transcribing agency MH
Modifying agency DLC
042 ## - AUTHENTICATION CODE
Authentication code lccopycat
043 ## - GEOGRAPHIC AREA CODE
Geographic area code aw-----
245 00 - TITLE STATEMENT
Title Bar-Ilan studies in Assyriology :
Remainder of title dedicated to Pinḥas Artzi /
Statement of responsibility, etc edited by Jacob Klein and Aaron Skaist.
260 ## - PUBLICATION, DISTRIBUTION, ETC. (IMPRINT)
Place of publication, distribution, etc Ramat Gan :
Name of publisher, distributor, etc Bar-Ilan University Press,
Date of publication, distribution, etc c1990.
300 ## - PHYSICAL DESCRIPTION
Extent 294 p., xvi p. of plates :
Other physical details ill. ;
Dimensions 25 cm.
336 ## - CONTENT TYPE
Content Type Term text
337 ## - MEDIA TYPE
Media Type Term unmediated
338 ## - CARRIER TYPE
Carrier Type Term volume
440 #0 - SERIES STATEMENT/ADDED ENTRY--TITLE
Title Bar-Ilan studies in Near Eastern languages and culture
504 ## - BIBLIOGRAPHY, ETC. NOTE
Bibliography, etc Includes bibliographical references and indexes.
650 #0 - SUBJECT ADDED ENTRY--TOPICAL TERM
Topical term or geographic name as entry element Civilization, Assyro-Babylonian.
700 1# - ADDED ENTRY--PERSONAL NAME
Personal name Artzi, Pinḥas,
Dates associated with a name 1923-
700 1# - ADDED ENTRY--PERSONAL NAME
Personal name Klein, Jacob,
Dates associated with a name 1934-
700 1# - ADDED ENTRY--PERSONAL NAME
Personal name Skaist, Aaron Jacob.
942 ## - ADDED ENTRY ELEMENTS (KOHA)
Source of classification or shelving scheme Library of Congress Classification
Item type Books
Holdings
Withdrawn status Lost status Source of classification or shelving scheme Damaged status Not for loan Home library Current library Shelving location Date acquired Source of acquisition Inventory number Total Checkouts Full call number Barcode Date last seen Price effective from Koha item type
    Library of Congress Classification     BSOP Library BSOP Library David Weisberg Collection 03/18/2019 Donated by Dr. David and Oprah Weisberg 45801   REF DS70.7 B23 1990 00056801 03/18/2019 03/18/2019 Books
BSOP

Biblical Seminary of the Philippines
  All rights Reserved
  © 2024

CONTACT INFORMATION

Biblical Seminary of the Philippines,
  77-B Karuhatan Road, Valenzuela City,
  PHILIPPINES 1441
  Phone: +632 8292-6795 / 8292-6798
  Fax : +632 8292-6675
  Email: library@bsop.edu.ph